| 000 | 00980cam a22003015a 4500 | ||
|---|---|---|---|
| 001 | 016459425 | ||
| 003 | OSt | ||
| 005 | 20171029134253.0 | ||
| 008 | 130530s2014 si a frb 001 0 eng d | ||
| 015 |
_aGBB418828 _2bnb |
||
| 016 | 7 |
_a016459425 _2Uk |
|
| 020 | _a9781118093757 (pbk.) | ||
| 040 |
_aStDuBDS _beng _cStDuBDS _dUk _dEG-ScBUE |
||
| 082 | 0 | 4 |
_a005.43 _bSIL _222 |
| 100 | 1 | 0 |
_aSilberschatz, Abraham. _98856 |
| 245 | 1 | 0 |
_aOperating system concepts / _cAbraham Silberschatz, Peter Baer Galvin, Greg Gagne. |
| 250 | _a9th ed., International student version. | ||
| 260 |
_aSingapore : _bJohn Wiley & Sons (Asia), _cc.2014. |
||
| 300 |
_axvii, 856 p. : _bill. (col.) ; _c26 cm. |
||
| 504 | _aIncludes bibliographical references and index. | ||
| 650 | 7 |
_aOperating systems (Computers) _2BUEsh |
|
| 651 | _2BUEsh | ||
| 653 |
_bENGELC _bCOMSCI _cOctober2017 |
||
| 655 |
_vReading book _934232 |
||
| 700 | 1 | _aGalvin, Peter B. | |
| 700 | 1 |
_aGagne, Greg, _98859 |
|
| 942 | _2ddc | ||
| 999 |
_c25515 _d25487 |
||